Salveu-me la mirada : Miquel Martí i Pol : Viladecans Miquel Martí i Pol : Viladecans
Descripción Física:
1 targeta postal : il·lustracions ; 15 x 11 cm
Idioma:
Catalán
MARC
| LEADER | 00000nkm a2200000 a 4500 | ||
|---|---|---|---|
| 001 | 25828 | ||
| 008 | 220608b spa||||| |||| 00| 0 cat d | ||
| 017 | |a DL B 25997-2016 | ||
| 080 | |a NBM-13-218 | ||
| 245 | |a Salveu-me la mirada : |b Miquel Martí i Pol : Viladecans | ||
| 260 | |a Barcelona : |b Diputació de Barcelona ; |b Enciclopèdica Catalana, |c 2016 | ||
| 300 | |a 1 targeta postal : |b il·lustracions ; |c 15 x 11 cm | ||
| 600 | 0 | |9 53334 |a Martí i Pol, Miquel, |d 1929-2003 |v Exposicions | |
| 655 | 0 | |a Targetes postals |9 52685 | |
| 710 | 1 | |a Barcelona (Catalunya : Província). |b Diputació |9 52408 | |
| 710 | 2 | |a Enciclopèdia Catalana, S.A. |9 53335 | |
| 942 | |2 udc |n 1 |c ARXIU | ||
| 952 | |0 0 |1 0 |4 0 |6 NBM13218 |7 1 |9 62287 |a Arxiu |b Arxiu |d 2022-06-08 |l 0 |o NBM-13-218 |p 25828 |r 2022-06-08 00:00:00 |w 2022-06-08 |y ARXIU | ||
| 999 | |c 81950 |d 81950 | ||